Parížska klimatická dohoda nadobúda celosvetovú platnosť

Klimatická konferencia OSN v Marakéši. Opatrenia na dekarbonizáciu svetovej energetiky. Prínos technologického pokroku. Vypúšťanie skleníkových plynov a ich dvojtretinový podiel na otepľovaní planéty. Sprievodný jav spriemyselňovania a cena za zvyšovanie životnej úrovne. Ohodlanie Číny ako najväčšie...

Descripción completa

Guardado en:
Detalles Bibliográficos
Autor principal: Pressburg, Adrian Peter
Formato: Capítulo de libro
Lenguaje:eslovaco
Materias:
Etiquetas: Agregar Etiqueta
Sin Etiquetas, Sea el primero en etiquetar este registro!

MARC

LEADER 00000naa a2200000 4500
001 0223813
005 20241118114030.1
041 0 |a slo 
044 |a SK 
245 1 0 |a Parížska klimatická dohoda nadobúda celosvetovú platnosť  |c Adrian Peter Pressburg 
520 |a Klimatická konferencia OSN v Marakéši. Opatrenia na dekarbonizáciu svetovej energetiky. Prínos technologického pokroku. Vypúšťanie skleníkových plynov a ich dvojtretinový podiel na otepľovaní planéty. Sprievodný jav spriemyselňovania a cena za zvyšovanie životnej úrovne. Ohodlanie Číny ako najväčšieho globálneho spotrebiteľa energií neochabovať v tempe konverzie z uhlia na zemný plyn, solárnu, veternú, vodnú a jadrovú energiu. Parížska dohoda v kocke. 
610 2 0 |a zmeny klimatické 
610 2 0 |a emisie 
610 2 0 |a energetika 
610 2 0 |a dohody medzinárodné 
610 2 0 |a konferencie 
610 2 0 |a organizácie medzinárodné 
610 2 0 |a dekarbonizácia 
610 2 0 |a Čína 
610 2 0 |a svet 
100 1 |a Pressburg, Adrian Peter